000 00665nam a2200241Ia 4500
003 OSt
005 20220928110153.0
006 a|||||r|||| 00| 0
007 ta
008 220927b |||||||| |||| 00| 0 eng d
024 _a33816
037 _cTextual
040 _aSDCL
_cSDCL
_beng
041 _2eng
_aeng
082 _aQ233, L7
100 _aRajanaka Ananda
_9418387
245 0 _aSattrimsattattva-sandoha.
260 _aKurukshetra
_bB. N. Chakravarty University
_c1977
300 _a43p.
_ccm.
490 _aB. N. Chakravarty University Sanskrit series. 3
942 _hQ233, L7
_cTEXL
_2CC
999 _c734387
_d734387